=LDR 00000nam 2200000 4500 =001 INLIS000000000046753 =005 20150505115248.0 =006 =007 =008 =035 ##$$0010-051500000000012 =082 ##$$a 510 =090 ##$$a 510 sud c =100 ##$$a sudirman =245 ##$$a cerdas aktif =260 ##$$a ganeca exact =300 ##$$a 288 hlm. =850 ##$$a NPBMAT =990 ##$$a 0001/BPAP-NTB/20142015